书目信息 |
| 题名: |
中国哲学小史
|
|
| 作者: | 冯友兰 著 | |
| 分册: | ||
| 出版信息: | 北京 中国人民大学出版社 2005 |
|
| 页数: | 159页 | |
| 开本: | 23cm | |
| 丛书名: | 朗朗书房 | |
| 单 册: | ||
| 中图分类: | B2 | |
| 科图分类: | ||
| 主题词: | 哲学史--中国 , 哲学史 | |
| 电子资源: | ||
| ISBN: | 7-300-06195-8 | |
| 000 | 00846oam2 2200265 450 | |
| 001 | 010040007946 | |
| 005 | 20061105090640.85 | |
| 010 | @a7-300-06195-8@dCNY14.80 | |
| 100 | @a20050228d2005 em y0chiy0110 ea | |
| 101 | 0 | @achi |
| 102 | @aCN@b110000 | |
| 105 | @ay z 000yy | |
| 200 | 1 | @a中国哲学小史@9zhong guo zhe xue xiao shi@f冯友兰著 |
| 210 | @a北京@c中国人民大学出版社@d2005 | |
| 215 | @a159页@d23cm | |
| 225 | 2 | @a朗朗书房@i国学基础文库 |
| 308 | @a丛书第二辑 | |
| 330 | @a本书通过接纳和吸收西方哲学的模式和方法,从形而上学、人生哲学和方法论三个角度切入,系统研究了孔子、墨子、孟子、老子、等先秦诸子以及一些名人的哲学思想。 | |
| 462 | 0 | @12001 @a国学基础文库 |
| 606 | 0 | @a哲学史@y中国 |
| 606 | 0 | @a哲学史 |
| 690 | @aB2@v4 | |
| 701 | 0 | @a冯友兰@9feng you lan@4著 |
| 801 | 0 | @aCN@bRENTIAN@c20061105 |
| 905 | @a10447@dB2@e102 | |
| 中国哲学小史/冯友兰著.-北京:中国人民大学出版社,2005 |
| 159页;23cm.-(朗朗书房.国学基础文库) |
| ISBN 7-300-06195-8:CNY14.80 |
| 本书通过接纳和吸收西方哲学的模式和方法,从形而上学、人生哲学和方法论三个角度切入,系统研究了孔子、墨子、孟子、老子、等先秦诸子以及一些名人的哲学思想。 |
| ● |
| 相关链接 |
|
|
|
|
正题名:中国哲学小史
索取号:B2/102
 
预约/预借
| 序号 | 登录号 | 条形码 | 馆藏地/架位号 | 状态 | 备注 |
| 1 | 0380338 | 203803385 | 第一样本阅览室/ [索取号:B2/102] | 在馆 | |
| 2 | 0380339 | 203803394 | 第一借阅区/ [索取号:B2/102] | 在馆 | |
| 3 | 0380340 | 203803401 | 教育系资料室/ [索取号:B2/102] | 在馆 | |
| 4 | 0380341 | 203803410 | 第一借阅区/ [索取号:B2/102] | 在馆 | |
| 5 | 0380342 | 203803429 | 教育系资料室/ [索取号:B2/102] | 在馆 | |
| 6 | 0380343 | 203803438 | 第一借阅区/ [索取号:B2/102] | 在馆 |